000 00414nam a2200157Ia 4500
008 160316s2001 xxu||||| |||| 00| 0 eng d
082 _a341.481000
_bEFF
100 _a
245 _aEffective practices to secure child rights in situations of conflict: A proposed area of work
250 _a
260 _a
_b
_c2001
300 _a10
_b
_c
365 _b
650 _a1. Child rights - conflict
700 _a
_a
999 _c37001
_d37001